| 000 | 00654nam a22002417a 4500 | ||
|---|---|---|---|
| 005 | 20231025172459.0 | ||
| 008 | 230516b |||||||| |||| 00| 0 eng d | ||
| 020 | _a0335197175 | ||
| 040 | _aMCHVL | ||
| 041 | _aEnglish | ||
| 082 |
_a305.5122 _bSHA |
||
| 100 | _aSharma, Ursula | ||
| 245 |
_aCaste / _cUrsula Sharma |
||
| 260 |
_aBuckingham : _bOpen University, _c1999. |
||
| 300 |
_a105p. ; _c21cm. |
||
| 490 | _aConcepts in the social sciences / edited by Frank Parkin | ||
| 500 | _aIncludes bibliography and index. | ||
| 650 | _aIndia | ||
| 650 | _aCaste | ||
| 650 | _aSocial conditions | ||
| 650 | _aPhilosophy, Indic | ||
| 942 | _cBK | ||
| 999 |
_c5559 _d5559 |
||